[Event "2. Torneo Campus Ourense 2015"]
[Site "Ourense ESP"]
[Date "2015.07.11"]
[Round "8.8"]
[White "Fernandez Lopez, Alejandro I"]
[Black "Guerra Bastida, Diego"]
[Result "1/2-1/2"]
[WhiteElo "2007"]
[BlackElo "2319"]
[PlyCount "73"]
[EventDate "2015.07.06"]
[EventType "swiss"]
[EventRounds "9"]
[EventCountry "ESP"]
[SourceTitle "Ajedrez en Madrid"]
[Source "lmi"]
[SourceDate "2015.07.06"]
[SourceVersion "1"]
[SourceVersionDate "2019.06.14"]
[SourceQuality "1"]

1. e4 d6 2. d4 Nf6 3. Nc3 g6 4. Nf3 Bg7 5. Be3 a6 6. a4 b6 7. Be2 O-O 8. O-O
Nc6 9. Qd2 Bb7 10. d5 Nb8 11. Nd4 c5 12. dxc6 Nxc6 13. Nxc6 Bxc6 14. f3 Qc7 15.
Nd5 Bxd5 16. exd5 Nd7 17. Rab1 Rfe8 18. Bf2 e6 19. dxe6 Rxe6 20. Rfd1 Qc6 21.
Bf1 Nf6 22. b3 d5 23. c4 Rd6 24. Rbc1 d4 25. Bd3 a5 26. Re1 Rad8 27. c5 bxc5
28. Qxa5 Qb6 29. Qxc5 Qxb3 30. Bc4 Qb7 31. Bd3 Qd5 32. a5 Qxc5 33. Rxc5 Nd5 34.
Bg3 Nb4 35. Bxd6 Nxd3 36. Rd1 Nxc5 37. Bxc5 1/2-1/2

[Event "2. Torneo Campus Ourense 2015"]
[Site "Ourense ESP"]
[Date "2015.07.11"]
[Round "8.9"]
[White "Gomez Dominguez, Xabier"]
[Black "de Sousa da Silva, Armando"]
[Result "1-0"]
[WhiteElo "2102"]
[BlackElo "1952"]
[PlyCount "97"]
[EventDate "2015.07.06"]
[EventType "swiss"]
[EventRounds "9"]
[EventCountry "ESP"]
[SourceTitle "Ajedrez en Madrid"]
[Source "lmi"]
[SourceDate "2015.07.06"]
[SourceVersion "1"]
[SourceVersionDate "2019.06.14"]
[SourceQuality "1"]

1. e4 c5 2. Nc3 Nc6 3. g3 g6 4. Bg2 Bg7 5. d3 Rb8 6. Be3 b5 7. Qd2 b4 8. Nd1 d6
9. f4 Qc7 10. Nf3 Bg4 11. h3 Bxf3 12. Bxf3 Nd4 13. Bg2 e6 14. O-O Ne7 15. c3
bxc3 16. bxc3 Ndc6 17. g4 f5 18. gxf5 gxf5 19. e5 O-O 20. Qf2 Rfd8 21. d4 cxd4
22. cxd4 d5 23. Nc3 Na5 24. Na4 Nc4 25. Rab1 Rxb1 26. Rxb1 Rb8 27. Rxb8+ Qxb8
28. Nc5 Kf7 29. Bf1 Qb1 30. a4 Ng6 31. Nd3 Qb3 32. a5 Nxa5 33. Nc5 Qb1 34. h4
Nc4 35. h5 Nf8 36. Qg3 a5 37. Kf2 a4 38. Bxc4 dxc4 39. d5 Qc2+ 40. Ke1 Qc3+ 41.
Kf2 exd5 42. Qf3 Qb2+ 43. Kg3 Qb5 44. Qxd5+ Ke8 45. Qa8+ Ke7 46. Qa7+ Ke8 47.
Qxg7 c3 48. Nb7 Qd3 49. Nd6+ 1-0

[Event "2. Torneo Campus Ourense 2015"]
[Site "Ourense ESP"]
[Date "2015.07.11"]
[Round "8.10"]
[White "Doval Gonzalez, Jose"]
[Black "Blazquez Criado, Sergio"]
[Result "1-0"]
[WhiteElo "2001"]
[BlackElo "1866"]
[PlyCount "47"]
[EventDate "2015.07.06"]
[EventType "swiss"]
[EventRounds "9"]
[EventCountry "ESP"]
[SourceTitle "Ajedrez en Madrid"]
[Source "lmi"]
[SourceDate "2015.07.06"]
[SourceVersion "1"]
[SourceVersionDate "2019.06.14"]
[SourceQuality "1"]

1. d4 Nf6 2. Bg5 b5 3. e3 a6 4. a4 b4 5. Nd2 Bb7 6. Ngf3 e6 7. e4 Be7 8. Bd3 d6
9. O-O h6 10. Be3 c5 11. c3 Nc6 12. Qe2 O-O 13. dxc5 dxc5 14. Nc4 Na5 15. e5
Nd5 16. Nxa5 Qxa5 17. Bxh6 c4 18. Bb1 gxh6 19. Qe4 f5 20. exf6 Nxf6 21. Qg6+
Kh8 22. Qxh6+ Kg8 23. Qg6+ Kh8 24. Ng5 1-0

[Event "2. Torneo Campus Ourense 2015"]
[Site "Ourense ESP"]
[Date "2015.07.12"]
[Round "9.1"]
[White "Santos Latasa, Jaime"]
[Black "Hoffman, Alejandro"]
[Result "1/2-1/2"]
[WhiteElo "2511"]
[BlackElo "2456"]
[PlyCount "62"]
[EventDate "2015.07.06"]
[EventType "swiss"]
[EventRounds "9"]
[EventCountry "ESP"]
[SourceTitle "Ajedrez en Madrid"]
[Source "lmi"]
[SourceDate "2015.07.06"]
[SourceVersion "1"]
[SourceVersionDate "2019.06.14"]
[SourceQuality "1"]

1. d4 d5 2. c4 c6 3. Nf3 Nf6 4. cxd5 cxd5 5. Nc3 Nc6 6. Bf4 a6 7. e3 Bf5 8. Bd3
Bxd3 9. Qxd3 e6 10. O-O Bd6 11. Bxd6 Qxd6 12. a3 O-O 13. Rac1 Rac8 14. Na4 Nd7
15. Nc5 Nxc5 16. Rxc5 Ne7 17. Rfc1 Rxc5 18. Rxc5 Rc8 19. Rxc8+ Nxc8 20. Qc2 Ne7
21. h3 Qc6 22. Qxc6 Nxc6 23. Kf1 f6 24. Ke2 Kf7 25. Kd3 Ke7 26. Nd2 Kd6 27. f4
b6 28. Nb1 Na5 29. Nd2 Nc6 30. Nb1 Na5 31. Nd2 Nc6 1/2-1/2

[Event "2. Torneo Campus Ourense 2015"]
[Site "Ourense ESP"]
[Date "2015.07.12"]
[Round "9.2"]
[White "Kantans, Toms"]
[Black "Lariño Nieto, David"]
[Result "1-0"]
[WhiteElo "2458"]
[BlackElo "2451"]
[PlyCount "131"]
[EventDate "2015.07.06"]
[EventType "swiss"]
[EventRounds "9"]
[EventCountry "ESP"]
[SourceTitle "Ajedrez en Madrid"]
[Source "lmi"]
[SourceDate "2015.07.06"]
[SourceVersion "1"]
[SourceVersionDate "2019.06.14"]
[SourceQuality "1"]

1. e4 c6 2. d4 g6 3. Nc3 d5 4. Nf3 dxe4 5. Nxe4 Nf6 6. Nxf6+ exf6 7. Be3 Na6 8.
Qd2 Bg4 9. O-O-O Bg7 10. d5 O-O 11. dxc6 Qc8 12. cxb7 Qxb7 13. Qd5 Qc8 14. Qa5
Nc7 15. Bc4 Re8 16. h3 Be6 17. Bb3 Qb7 18. Rd3 Bf8 19. Bxe6 Nxe6 20. Rhd1 Rec8
21. Kb1 Rab8 22. Rb3 Qe4 23. Qd2 Rxb3 24. axb3 a5 25. Qd3 Qb7 26. Rd2 Bb4 27.
Qd5 Qa6 28. c3 Bf8 29. Nd4 Rc5 30. Qf3 Ng5 31. Qe2 Qb7 32. f3 Rc8 33. Qb5 Qe7
34. Re2 Ne6 35. Nxe6 Qxe6 36. Bd4 Qd6 37. Qxa5 Rb8 38. b4 Qc6 39. b3 Qd7 40.
Qa6 Qf5+ 41. Kb2 Kg7 42. Qc6 Rd8 43. g4 Qf4 44. Qe4 Qg5 45. f4 Qb5 46. c4 Qa6
47. g5 Kg8 48. Bxf6 Ra8 49. Kc2 Qc8 50. Bb2 Bg7 51. Bxg7 Kxg7 52. b5 h5 53. b6
Rb8 54. Qe5+ Kg8 55. c5 Ra8 56. Qd5 Ra2+ 57. Kd3 Qxh3+ 58. Re3 Qf1+ 59. Ke4 Rf2
60. Qd8+ Kh7 61. Qf6 Qb1+ 62. Kd5 Qh1+ 63. Kd6 Qb7 64. c6 Qb8+ 65. Ke7 Rxf4 66.
c7 1-0

[Event "2. Torneo Campus Ourense 2015"]
[Site "Ourense ESP"]
[Date "2015.07.12"]
[Round "9.3"]
[White "Paunovic, Dragan"]
[Black "Pazos Porta, Antonio"]
[Result "1/2-1/2"]
[WhiteElo "2451"]
[BlackElo "2332"]
[PlyCount "60"]
[EventDate "2015.07.06"]
[EventType "swiss"]
[EventRounds "9"]
[EventCountry "ESP"]
[SourceTitle "Ajedrez en Madrid"]
[Source "lmi"]
[SourceDate "2015.07.06"]
[SourceVersion "1"]
[SourceVersionDate "2019.06.14"]
[SourceQuality "1"]

1. Nf3 Nf6 2. g3 g6 3. Bg2 Bg7 4. c4 O-O 5. O-O d6 6. Nc3 Nc6 7. d3 e5 8. Rb1
a5 9. Bg5 h6 10. Bxf6 Qxf6 11. a3 Be6 12. Nd5 Qd8 13. Nd2 Nb8 14. e4 Nd7 15. b4
axb4 16. axb4 c6 17. Nc3 f5 18. Ra1 Qb6 19. Qc2 Rxa1 20. Rxa1 f4 21. Na4 Qxb4
22. Rb1 Qa5 23. Rxb7 Ra8 24. Nc3 Nc5 25. Rb2 Qa1+ 26. Rb1 Qa5 27. Rb2 Qa1+ 28.
Rb1 Qa5 29. Rb2 Qa1+ 30. Rb1 Qa5 1/2-1/2

[Event "2. Torneo Campus Ourense 2015"]
[Site "Ourense ESP"]
[Date "2015.07.12"]
[Round "9.4"]
[White "Fernandez Borrego, Pablo"]
[Black "Iwanow, Anna"]
[Result "1-0"]
[WhiteElo "2378"]
[BlackElo "2206"]
[PlyCount "49"]
[EventDate "2015.07.06"]
[EventType "swiss"]
[EventRounds "9"]
[EventCountry "ESP"]
[SourceTitle "Ajedrez en Madrid"]
[Source "lmi"]
[SourceDate "2015.07.06"]
[SourceVersion "1"]
[SourceVersionDate "2019.06.14"]
[SourceQuality "1"]

1. Nf3 Nf6 2. c4 c5 3. Nc3 d5 4. cxd5 Nxd5 5. Qa4+ Bd7 6. Qb3 Nb6 7. Ne5 e6 8.
g3 Nc6 9. Nxd7 Qxd7 10. Bg2 c4 11. Qb5 Be7 12. O-O O-O 13. a4 Rab8 14. a5 Nd4
15. Qxd7 Nxd7 16. Ra4 Rfc8 17. d3 Nb3 18. Bf4 e5 19. Be3 cxd3 20. Bxa7 dxe2 21.
Nxe2 Ndc5 22. Rb4 Nxa5 23. Bxb8 Rxb8 24. Rb5 b6 25. b4 1-0

[Event "2. Torneo Campus Ourense 2015"]
[Site "Ourense ESP"]
[Date "2015.07.12"]
[Round "9.5"]
[White "Sande Edreira, Jose Antonio"]
[Black "Portela Peleteiro, Alberto"]
[Result "0-1"]
[WhiteElo "2277"]
[BlackElo "2105"]
[PlyCount "86"]
[EventDate "2015.07.06"]
[EventType "swiss"]
[EventRounds "9"]
[EventCountry "ESP"]
[SourceTitle "Ajedrez en Madrid"]
[Source "lmi"]
[SourceDate "2015.07.06"]
[SourceVersion "1"]
[SourceVersionDate "2019.06.14"]
[SourceQuality "1"]

1. c4 e6 2. Nf3 Nf6 3. g3 d5 4. b3 Be7 5. Bg2 O-O 6. O-O c5 7. e3 Nc6 8. Bb2 b6
9. Qe2 Ba6 10. d3 Qc7 11. e4 dxe4 12. dxe4 e5 13. Nc3 Nd4 14. Nxd4 cxd4 15. Nd5
Nxd5 16. exd5 Rae8 17. Rae1 Bc5 18. Qd2 f5 19. Rc1 Qe7 20. a3 f4 21. b4 f3 22.
Bh3 Bc8 23. Bxc8 Rxc8 24. Rfe1 Qd7 25. Qd3 Bd6 26. c5 bxc5 27. bxc5 Rxc5 28.
Rxc5 Bxc5 29. Rxe5 Qh3 30. Qf1 Qxf1+ 31. Kxf1 Rb8 32. Bc1 Rb1 33. Re1 Kf7 34.
Bf4 Rxe1+ 35. Kxe1 Bxa3 36. Kd2 a5 37. Kd3 Bb2 38. g4 Ke7 39. Kc4 Kd7 40. Kb5
d3 41. Kc4 a4 42. Kxd3 a3 43. Kc2 Bd4 0-1

[Event "2. Torneo Campus Ourense 2015"]
[Site "Ourense ESP"]
[Date "2015.07.12"]
[Round "9.6"]
[White "Baltar Iglesias, David"]
[Black "Gomez Dominguez, Xabier"]
[Result "1/2-1/2"]
[WhiteElo "2166"]
[BlackElo "2102"]
[PlyCount "59"]
[EventDate "2015.07.06"]
[EventType "swiss"]
[EventRounds "9"]
[EventCountry "ESP"]
[SourceTitle "Ajedrez en Madrid"]
[Source "lmi"]
[SourceDate "2015.07.06"]
[SourceVersion "1"]
[SourceVersionDate "2019.06.14"]
[SourceQuality "1"]

1. e4 c5 2. Nf3 g6 3. d4 cxd4 4. Nxd4 Bg7 5. c4 Nc6 6. Be3 Nf6 7. Nc3 O-O 8.
Be2 d6 9. O-O Nxd4 10. Bxd4 Nd7 11. Bxg7 Kxg7 12. Qd4+ Kg8 13. Rad1 Re8 14. Kh1
Qb6 15. Qd2 Nf6 16. h3 Bd7 17. f4 Bc6 18. Bd3 Nd7 19. b3 Qd4 20. Qe1 Qg7 21.
Rc1 Rac8 22. Qe3 Nc5 23. Bb1 a5 24. Kh2 e5 25. f5 gxf5 26. Rxf5 Kh8 27. Rg5 Qf6
28. Rf5 Qg7 29. Rg5 Qf6 30. Rf5 1/2-1/2

[Event "2. Torneo Campus Ourense 2015"]
[Site "Ourense ESP"]
[Date "2015.07.12"]
[Round "9.7"]
[White "Del Rio De Angelis, Salvador G"]
[Black "Lorenzo Duran, Marcos"]
[Result "1-0"]
[WhiteElo "2494"]
[BlackElo "2170"]
[PlyCount "91"]
[EventDate "2015.07.06"]
[EventType "swiss"]
[EventRounds "9"]
[EventCountry "ESP"]
[SourceTitle "Ajedrez en Madrid"]
[Source "lmi"]
[SourceDate "2015.07.06"]
[SourceVersion "1"]
[SourceVersionDate "2019.06.14"]
[SourceQuality "1"]

1. d4 d5 2. c4 c6 3. Nc3 Nf6 4. cxd5 cxd5 5. Bf4 Nc6 6. e3 Bf5 7. Qb3 Na5 8.
Qa4+ Bd7 9. Bb5 Nc6 10. Nf3 e6 11. Bg5 Be7 12. Ne5 O-O 13. Bxf6 Bxf6 14. Nxc6
bxc6 15. Bxc6 Bxc6 16. Qxc6 Qb8 17. Rb1 Rc8 18. Qb5 Qxb5 19. Nxb5 Rab8 20. Na3
Be7 21. Kd2 Bxa3 22. bxa3 Kf8 23. Rb3 Rb6 24. Rxb6 axb6 25. Rc1 Ra8 26. Rc3 Ke7
27. Kc2 Kd6 28. Kb3 f6 29. Kb4 e5 30. Kb5 Ke6 31. g4 h5 32. h3 hxg4 33. hxg4
Kd6 34. Rc6+ Kd7 35. dxe5 fxe5 36. Rxb6 Rxa3 37. Kc5 Rxa2 38. Kxd5 Ra5+ 39. Ke4
Ke7 40. f3 Kf7 41. Rd6 Ra3 42. Rd3 Rxd3 43. Kxd3 Ke6 44. Kc4 g5 45. e4 Kd6 46.
Kb5 1-0

[Event "2. Torneo Campus Ourense 2015"]
[Site "Ourense ESP"]
[Date "2015.07.12"]
[Round "9.8"]
[White "Boado Rodriguez, Martin"]
[Black "Almagro Llamas, Pablo"]
[Result "0-1"]
[WhiteElo "2153"]
[BlackElo "2445"]
[PlyCount "78"]
[EventDate "2015.07.06"]
[EventType "swiss"]
[EventRounds "9"]
[EventCountry "ESP"]
[SourceTitle "Ajedrez en Madrid"]
[Source "lmi"]
[SourceDate "2015.07.06"]
[SourceVersion "1"]
[SourceVersionDate "2019.06.14"]
[SourceQuality "1"]

1. e4 c5 2. g3 Nc6 3. Bg2 g6 4. Ne2 Bg7 5. O-O e6 6. Nbc3 Nge7 7. d3 O-O 8. Be3
Nd4 9. Qd2 Rb8 10. Nf4 d6 11. Rab1 b5 12. Rfc1 b4 13. Nd1 e5 14. Ne2 f5 15. c3
Nxe2+ 16. Qxe2 f4 17. Bd2 Be6 18. cxb4 cxb4 19. a3 a5 20. d4 fxg3 21. d5 gxh2+
22. Kh1 Bd7 23. Qe1 h6 24. axb4 g5 25. bxa5 Ng6 26. b4 Nh4 27. Rb3 Qe8 28. Qe2
g4 29. Rc7 Nxg2 30. Rxd7 Qxd7 31. Kxg2 h5 32. b5 Rf3 33. Ne3 Rbf8 34. Be1 Bh6
35. b6 g3 36. Nf5 Rxb3 37. Nxh6+ Kg7 38. Qxh5 gxf2 39. Bxf2 Qh3+ 0-1

[Event "2. Torneo Campus Ourense 2015"]
[Site "Ourense ESP"]
[Date "2015.07.12"]
[Round "9.9"]
[White "Guerra Bastida, Diego"]
[Black "Costa, Paulo"]
[Result "1/2-1/2"]
[WhiteElo "2319"]
[BlackElo "2107"]
[PlyCount "78"]
[EventDate "2015.07.06"]
[EventType "swiss"]
[EventRounds "9"]
[EventCountry "ESP"]
[SourceTitle "Ajedrez en Madrid"]
[Source "lmi"]
[SourceDate "2015.07.06"]
[SourceVersion "1"]
[SourceVersionDate "2019.06.14"]
[SourceQuality "1"]

1. Nf3 Nf6 2. c4 e6 3. d4 d5 4. Nc3 Be7 5. cxd5 exd5 6. Bg5 c6 7. Qc2 Nbd7 8.
e3 O-O 9. Bd3 Re8 10. O-O Nf8 11. h3 g6 12. Rab1 Ne6 13. Bh4 Ng7 14. b4 a6 15.
a4 Bf5 16. Bxf6 Bxf6 17. Rfc1 Bxd3 18. Qxd3 Nf5 19. b5 axb5 20. axb5 Ra3 21.
Ra1 Qa5 22. Nxd5 Rxa1 23. Nxf6+ Kf8 24. Rxa1 Qxa1+ 25. Kh2 Ra8 26. Nxh7+ Kg7
27. Nhg5 Qa3 28. Qxa3 Rxa3 29. bxc6 bxc6 30. Ne4 f6 31. Nc5 Kf7 32. g4 Ng7 33.
Kg3 g5 34. Ne4 Ne6 35. Nd6+ Kg6 36. h4 gxh4+ 37. Nxh4+ Kg7 38. Nhf5+ Kf8 39.
Ne4 Kf7 1/2-1/2

[Event "2. Torneo Campus Ourense 2015"]
[Site "Ourense ESP"]
[Date "2015.07.12"]
[Round "9.10"]
[White "Fernandez Lopez, Alejandro I"]
[Black "Medarde Santiago, Luis Marcos"]
[Result "0-1"]
[WhiteElo "2007"]
[BlackElo "2273"]
[PlyCount "76"]
[EventDate "2015.07.06"]
[EventType "swiss"]
[EventRounds "9"]
[EventCountry "ESP"]
[SourceTitle "Ajedrez en Madrid"]
[Source "lmi"]
[SourceDate "2015.07.06"]
[SourceVersion "1"]
[SourceVersionDate "2019.06.14"]
[SourceQuality "1"]

1. e4 c5 2. Nf3 d6 3. d4 cxd4 4. Nxd4 Nf6 5. Nc3 g6 6. Be3 Bg7 7. Be2 Nc6 8.
Nb3 O-O 9. Qd2 Ng4 10. Bxg4 Bxg4 11. f3 Be6 12. O-O-O Rc8 13. Bh6 Bxh6 14. Qxh6
Bxb3 15. cxb3 Qa5 16. Kb1 Qe5 17. h4 Qg7 18. Qe3 f5 19. h5 f4 20. Qd3 g5 21.
Qd5+ Kh8 22. Rh3 h6 23. g3 fxg3 24. Rxg3 Qe5 25. Qxe5+ Nxe5 26. Nd5 Rf7 27. Ne3
Kh7 28. Nf5 Rc7 29. Rf1 d5 30. Ne3 dxe4 31. fxe4 Rxf1+ 32. Nxf1 e6 33. Rc3 Rf7
34. Ng3 Kg7 35. Kc1 g4 36. Kd1 Kf6 37. Ke2 Kg5 38. Rc5 Kf4 0-1